Možnosti testovania veľkých softvérových produktov : Bakalárska práca

Salvato in:
Dettagli Bibliografici
Autore principale: Soboslai, Tomáš (Autore)
Altri autori: Zeman, Jaroslav, 1982- (xxx)
Natura: Manoscritto Libro
Lingua:slovacco
Pubblicazione: Trnava : STU v Bratislave MtF KAIA, 2006
Soggetti:
Tags: Aggiungi Tag
Nessun Tag, puoi essere il primo ad aggiungerne!!

MARC

LEADER 00000ntm a22000003a 4500
001 stu130818
005 20160719155623.6
008 061206s2006----xo------------------slo-d
040 |a STU  |b slo 
041 0 |a slo 
044 |a xo 
100 1 |a Soboslai, Tomáš  |4 aut 
245 1 |a Možnosti testovania veľkých softvérových produktov :  |b Bakalárska práca 
260 |a Trnava :  |b STU v Bratislave MtF KAIA,  |c 2006 
300 |a 54 s  |c príl (1 CD-ROM) 
650 7 |a aplikovaná informatika a automatizácia v priemysle  |2 stusub 
650 7 |a testovanie softvéru  |2 stusub 
700 1 |a Zeman, Jaroslav,  |d 1982-  |4 xxx  |u M180  |U MTF Materiálovotechnologická fakulta  |T MTF Katedra aplikovanej informatiky a automatizácie  |X 4619  |U M180  |Y 166  |7 A000004619 
996 |b 284M075180  |c M*BP-2289  |l MMSKP  |s P  |a 0  |w stu130818_0001